Advanced quantum mechanics (Record no. 19556)
[ view plain ]
| 000 -LEADER | |
|---|---|
| fixed length control field | 00491nam a2200181 a 4500 |
| 001 - CONTROL NUMBER | |
| control field | 157171 |
| 003 - CONTROL NUMBER IDENTIFIER | |
| control field | OSt |
| 005 - DATE AND TIME OF LATEST TRANSACTION | |
| control field | 20250307160042.0 |
| 008 - FIXED-LENGTH DATA ELEMENTS--GENERAL INFORMATION | |
| fixed length control field | 191022 ### HIN |
| 020 ## - INTERNATIONAL STANDARD BOOK NUMBER | |
| International Standard Book Number | 9788177589160 |
| 082 ## - DEWEY DECIMAL CLASSIFICATION NUMBER | |
| Classification number | 530.12 |
| Item number | S29A |
| 100 ## - MAIN ENTRY--PERSONAL NAME | |
| Personal name | Sakurai, J. J. |
| 245 ## - TITLE STATEMENT | |
| Title | Advanced quantum mechanics |
| Statement of responsibility, etc | by J. J. Sakurai |
| 260 ## - PUBLICATION, DISTRIBUTION, ETC. (IMPRINT) | |
| Place of publication, distribution, etc | Noida |
| Name of publisher, distributor, etc | Pearson India Education Service Private Ltd. |
| Date of publication, distribution, etc | 2006, 2024 |
| 300 ## - PHYSICAL DESCRIPTION | |
| Extent | 344p. |
| Other physical details | Pbk |
| 653 ## - INDEX TERM--UNCONTROLLED | |
| Uncontrolled term | Quantum field theory |
| 942 ## - ADDED ENTRY ELEMENTS (KOHA) | |
| Source of classification or shelving scheme | Dewey Decimal Classification |
| Koha item type | Books |
| Withdrawn status | Lost status | Source of classification or shelving scheme | Damaged status | Use restrictions | Not for loan | Collection code | Home library | Current library | Date acquired | Source of acquisition | Full call number | Barcode | Date last seen | Price effective from | Koha item type | Total Checkouts | Date checked out | Cost, replacement price |
|---|---|---|---|---|---|---|---|---|---|---|---|---|---|---|---|---|---|---|
| Dewey Decimal Classification | Restricted Access | Not For Loan | Reserve Text Book | Central University Of Rajasthan | Central University Of Rajasthan | 22/10/2019 | PHY | 530.12 S29A | 32552 | 02/09/2020 | 02/09/2020 | Books | ||||||
| General Text Book | Central University Of Rajasthan | Central University Of Rajasthan | 22/10/2019 | PHY | 530.12 S29A | 32551 | 11/07/2022 | 02/09/2020 | Books | 1 | 27/06/2022 | |||||||
| General Text Book | Central University Of Rajasthan | Central University Of Rajasthan | 22/10/2019 | PHY | 530.12 S29A | 32550 | 21/04/2023 | 02/09/2020 | Books | 4 | 11/04/2023 | |||||||
| General Text Book | Central University Of Rajasthan | Central University Of Rajasthan | 22/10/2019 | PHY | 530.12 S29A | 32549 | 02/09/2020 | 02/09/2020 | Books | |||||||||
| General Text Book | Central University Of Rajasthan | Central University Of Rajasthan | 22/10/2019 | PHY | 530.12 S29A | 32548 | 14/07/2022 | 02/09/2020 | Books | 2 | 11/07/2022 | |||||||
| Dewey Decimal Classification | General Text Book | Central University Of Rajasthan | Central University Of Rajasthan | 07/03/2025 | PHY | 530.12 S29A | 046001 | 07/03/2025 | 07/03/2025 | Books | 975.00 |
